000 00708nam a2200229 u 4500
005 20210223132927.0
008 160527s2008 es r 000 0 spa d
020 _a9788496473843
035 _aUPN01000210747
049 _aI
050 4 _aP211
_bB4.4
100 1 _aBenini Pietromarchi, Sophie
_939521
245 1 3 _aEl libro de los libros :
_bcómo se hace un libro /
_cSophie Benini Pietromarchi ; tr. Aloe Azid.
260 _aMadrid :
_bThule,
_c2008.
300 _a131 p. :
_bil. col.
440 0 _aTrompantojo
534 _pTítulo original:
_tThe book book
650 4 _aESCRITURA -
_vLITERATURA INFANTIL
_911213
650 4 _aLIBROS -
_xDISEÑO
_910050
905 _aInfantil
999 _c182848
_d182848